Every Character In Percy Jackson And The Olympians By Letter-N - Statistics

General Stats
  • This quiz has been taken 10 times
  • The average score is 2 of 5
Answer Stats
Times Mentioned Answer % Correct
501 Nico Di Angelo
80%
21 Nancy Bobofit
50%
10 Nemesis
30%
14 Nereus
30%
1 Mr. Nicoll
0%
No matching quizzes found
Score Distribution
Percent of People with Each Score
Percentile by Number Answered
Your Score History
You have not taken this quiz